000 00707nas a2200229 i 4500
001 2470
003 ES-MaACL
005 20250217134636.0
007 t|
008 950801q1919 sp ar m | 1 ||pa d
080 _a460
245 0 0 _aAnales de parasitología y hematología :
_btrabajos del Laboratorio de Parasitología /
_cpublicado bajo la dirección de Gustavo Pittaluga.
260 _aMadrid :
_b[s.n.],
_c1919- (
_fImp. Clásica Española)
300 _av ;
_c25 cm.
310 _aAnual
650 4 _aParasitología.
_9147580
650 4 _aHematología.
_913300
700 1 _aPittaluga, Gustavo,
_d1876-1956
_9155591
852 4 _aES-MaACL
_jB-13353
866 0 _o1919.
999 _c2470
_d2470